[Event "Bay Area International"]
[Site "?"]
[Date "2019.01.07"]
[Round "9"]
[White "Peng, Shunkai"]
[Black "Nagarajan, Pranav"]
[Result "1-0"]
[WhiteElo "2285"]
[BlackElo "2206"]
[PlyCount "107"]
[EventDate "2019.??.??"]
[SourceVersionDate "2019.01.08"]

1. e4 e5 2. Nf3 Nc6 3. Bb5 a6 4. Ba4 Nf6 5. d3 d6 6. c3 g6 7. O-O Bg7 8. Re1
O-O 9. Nbd2 Re8 10. h3 h6 11. Bxc6 bxc6 12. Nc4 c5 13. Na5 Bd7 14. Bd2 Nh5 15.
Rc1 Nf4 16. Bxf4 exf4 17. d4 cxd4 18. cxd4 c5 19. Qd2 cxd4 20. Nc4 Bb5 21. Qxf4
Bxc4 22. Rxc4 Qb6 23. b3 Rac8 24. Rec1 Rxc4 25. Rxc4 g5 26. Qf5 Qb7 27. Nxd4
Qxe4 28. Qxe4 Rxe4 29. Nc2 d5 30. Rxe4 dxe4 31. g4 Kh7 32. Kf1 Kg6 33. Nb4 a5
34. Nc6 Bc3 35. Ke2 Bb4 36. a4 Bc3 37. Ke3 h5 38. Kxe4 hxg4 39. hxg4 f6 40. f3
Be1 41. Kd5 Kf7 42. Kc5 Ke6 43. Kb5 f5 44. Nxa5 fxg4 45. fxg4 Ke5 46. Nc4+ Kf4
47. a5 Bxa5 48. Kxa5 Kxg4 49. b4 Kh3 50. b5 g4 51. Ne3 g3 52. b6 g2 53. Nxg2
Kxg2 54. b7 1-0

[Event "Bay Area International"]
[Site "?"]
[Date "2019.01.07"]
[Round "9"]
[White "Polavaram, Rithik"]
[Black "Daggupati, Balaji"]
[Result "0-1"]
[WhiteElo "2056"]
[BlackElo "2257"]
[PlyCount "84"]
[EventDate "2019.??.??"]
[SourceVersionDate "2019.01.08"]

1. d4 d5 2. c4 c6 3. Nc3 dxc4 4. e3 b5 5. a4 b4 6. Na2 e6 7. Bxc4 Nf6 8. Bd2 a5
9. Nf3 Nbd7 10. Qc2 Bb7 11. Nc1 c5 12. Nb3 cxd4 13. Nbxd4 Rc8 14. Qb3 Qb6 15.
O-O Be7 16. Rac1 O-O 17. Rfd1 g6 18. Be1 Rc5 19. Nd2 Rfc8 20. f3 Bd5 21. Bg3
Nh5 22. Ne2 Nxg3 23. hxg3 Rxc4 24. Nxc4 Qa6 25. Qd3 Rxc4 26. Nf4 Nc5 27. Qb1
Rxc1 28. Qxc1 Bb3 29. Rd4 e5 30. Nd5 Bf8 31. Rd2 Bxa4 32. Qe1 Bb3 33. e4 a4 34.
Nxb4 Qb6 35. Rf2 Nxe4 36. Qxe4 Bxb4 37. Kf1 Qb5+ 38. Re2 Bc4 39. f4 Bxe2+ 40.
Qxe2 Qxe2+ 41. Kxe2 e4 42. Ke3 f5 0-1

[Event "Bay Area International"]
[Site "?"]
[Date "2019.01.07"]
[Round "9"]
[White "Polgar-Shutzman, Tom"]
[Black "Li, Eric"]
[Result "1-0"]
[WhiteElo "2181"]
[BlackElo "2007"]
[PlyCount "119"]
[EventDate "2019.??.??"]
[SourceVersionDate "2019.01.08"]

1. e4 c5 2. Nf3 d6 3. Bb5+ Bd7 4. Bxd7+ Qxd7 5. O-O Nc6 6. c3 Nf6 7. d4 Nxe4 8.
d5 Ne5 9. Re1 Nxf3+ 10. Qxf3 Nf6 11. c4 e5 12. dxe6 fxe6 13. Bg5 Be7 14. Nc3
O-O 15. Qh3 h6 16. Qxe6+ Qxe6 17. Rxe6 hxg5 18. Rxe7 Rf7 19. Rae1 Rxe7 20. Rxe7
Re8 21. Rxe8+ Nxe8 22. f3 Kf7 23. Kf2 Ke6 24. Ne4 Kf5 25. h3 b6 26. Ke3 Kg6 27.
g4 Kh6 28. f4 gxf4+ 29. Kxf4 Kg6 30. h4 a6 31. a4 Kf7 32. Kf5 g6+ 33. Kg5 Kg7
34. h5 gxh5 35. gxh5 Nc7 36. Nxd6 Ne6+ 37. Kf5 Nd4+ 38. Ke4 Kf6 39. h6 Kg6 40.
Kd5 Kxh6 41. Nc8 Kg7 42. Nxb6 Nb3 43. Nd7 a5 44. Nxc5 Nc1 45. Nb7 Nd3 46. b3
Kf8 47. Nxa5 Ke7 48. Nc6+ Kd7 49. Ne5+ Nxe5 50. Kxe5 Kc6 51. b4 Kc7 52. c5 Kc6
53. Ke6 Kc7 54. b5 Kd8 55. b6 Kc8 56. c6 Kb8 57. a5 Ka8 58. Kd7 Kb8 59. c7+ Kb7
60. c8=Q# 1-0

[Event "Bay Area International"]
[Site "?"]
[Date "2019.01.07"]
[Round "9"]
[White "Sevian, Samuel"]
[Black "Bai, Jinshi"]
[Result "1/2-1/2"]
[WhiteElo "2647"]
[BlackElo "2572"]
[PlyCount "144"]
[EventDate "2019.??.??"]

1. e4 e5 2. Nf3 Nf6 3. Nxe5 d6 4. Nf3 Nxe4 5. d4 d5 6. Bd3 Bf5 7. O-O Be7 8. c4
dxc4 9. Bxc4 O-O 10. Re1 Bb4 11. Nbd2 Nd6 12. Bb3 Nc6 13. a3 Ba5 14. Ba4 b5 15.
Bc2 Qf6 16. Bxf5 Qxf5 17. b4 Bb6 18. Nf1 Nc4 19. Ne3 Nxe3 20. Bxe3 Qd5 21. Rc1
f6 22. Qc2 Ne7 23. Bf4 Nf5 24. Qe4 Qxe4 25. Rxe4 Rfe8 26. Rxe8+ Rxe8 27. Bxc7
Nxd4 28. Nxd4 Bxd4 29. Kf1 Bb2 30. Rb1 Bxa3 31. Bf4 Rc8 32. Be3 Rc4 33. Ra1
Bxb4 34. Rxa7 Bd6 35. Ke2 b4 36. Rb7 h5 37. g3 Kh7 38. Kd3 Rc3+ 39. Ke4 Kg6 40.
Rb6 Be7 41. Rb7 Bd6 42. Rb6 Bf8 43. h4 Rc7 44. Rb5 Be7 45. Bd2 Rc2 46. Be3 Rc4+
47. Kd5 Rc8 48. Kd4 Bd6 49. Bd2 Rc2 50. Kd3 Rb2 51. Be3 Be5 52. Rb7 b3 53. Bd4
Rb1 54. Bxe5 fxe5 55. Ke4 b2 56. Rb6+ Kh7 57. Kf3 Kg8 58. Rb7 Kf8 59. Kg2 Ke8
60. Kh2 Kd8 61. Kg2 Kc8 62. Rb4 Kc7 63. Kh2 Kc6 64. Kg2 Kc5 65. Rb8 Kc4 66. Rb7
Kd3 67. Rb8 e4 68. Rb7 Kd2 69. Rb8 Kc2 70. Rc8+ Kd3 71. Rb8 Kc2 72. Rc8+ Kd3
1/2-1/2

[Event "Bay Area International"]
[Site "?"]
[Date "2019.01.07"]
[Round "9"]
[White "Stukopin, Andrey"]
[Black "Cordova, Emilio"]
[Result "1-0"]
[WhiteElo "2565"]
[BlackElo "2597"]
[PlyCount "75"]
[EventDate "2019.??.??"]

1. e4 c5 2. Nf3 Nc6 3. Nc3 Nf6 4. Bb5 g6 5. O-O Bg7 6. Re1 O-O 7. e5 Ng4 8.
Bxc6 dxc6 9. d3 Nh6 10. h3 Nf5 11. Ne4 b6 12. Bf4 Nd4 13. a4 a5 14. Ned2 h6 15.
Nc4 Ra7 16. Nxd4 cxd4 17. Qf3 b5 18. Nd2 Be6 19. Qxc6 g5 20. Bg3 Rc7 21. Qxb5
Rxc2 22. Nf3 Qa8 23. Nxd4 Rb8 24. Nxc2 Rxb5 25. axb5 Qd8 26. Ra3 a4 27. Rxa4
Bb3 28. Rb4 Qxd3 29. b6 Bd5 30. Ne3 Bb7 31. Rd1 Qe2 32. Kh2 h5 33. h4 gxh4 34.
Rxh4 Bh6 35. Rd8+ Kh7 36. Nd5 Bxd5 37. Rxd5 Qxb2 38. e6 1-0

[Event "Bay Area International"]
[Site "?"]
[Date "2019.01.07"]
[Round "9"]
[White "Talyansky, Seth"]
[Black "Kretchetov, Alexandre"]
[Result "1-0"]
[WhiteElo "2201"]
[BlackElo "2241"]
[PlyCount "89"]
[EventDate "2019.??.??"]
[SourceVersionDate "2019.01.08"]

1. e4 e5 2. Nf3 Nc6 3. Bb5 a6 4. Ba4 d6 5. O-O Bd7 6. d4 b5 7. Bb3 Nxd4 8. Nxd4
exd4 9. c3 dxc3 10. Qh5 g6 11. Qd5 Be6 12. Qc6+ Bd7 13. Qxc3 Nf6 14. Re1 Bg7
15. e5 dxe5 16. Qxe5+ Kf8 17. Nc3 Kg8 18. Bg5 h6 19. Bh4 Kh7 20. Bxf7 Rf8 21.
Qe7 Bf5 22. Rad1 Qxe7 23. Rxe7 Rad8 24. Rxc7 g5 25. Bg3 Ne4 26. Bb3 Nxg3 27.
hxg3 Kh8 28. Ra7 Bd4 29. Rxa6 Bxf2+ 30. Kh2 h5 31. Rxd8 Rxd8 32. Rf6 Rd3 33.
Rxf5 Bxg3+ 34. Kg1 Re3 35. Rf1 b4 36. Nd5 Re2 37. Nxb4 g4 38. Nd3 h4 39. Nf2 h3
40. gxh3 gxh3 41. Nxh3 Rxb2 42. Rf7 Rh2 43. Rf8+ Kh7 44. Ng5+ Kg6 45. Nf3 1-0

[Event "Bay Area International"]
[Site "?"]
[Date "2019.01.07"]
[Round "9"]
[White "Venkataraman, Karthik"]
[Black "Swiercz, Dariusz"]
[Result "1/2-1/2"]
[WhiteElo "2515"]
[BlackElo "2649"]
[PlyCount "75"]
[EventDate "2019.??.??"]

1. Nf3 e6 2. c4 d5 3. e3 Nf6 4. Nc3 a6 5. b3 c5 6. cxd5 exd5 7. d4 cxd4 8. Nxd4
Bd6 9. Be2 O-O 10. Bb2 Re8 11. Rc1 Bc7 12. O-O Qd6 13. g3 Nc6 14. Bf3 Bh3 15.
Re1 Ne5 16. Bg2 Bxg2 17. Kxg2 Ba5 18. Re2 h5 19. Rec2 Rad8 20. h3 g6 21. Nf3
Nc6 22. a3 Ne4 23. Ne2 Bb6 24. Ned4 Nxd4 25. Nxd4 Ba7 26. h4 Bb8 27. Qf3 Qd7
28. Ne2 Rc8 29. Nf4 Rxc2 30. Rxc2 Qf5 31. Qd1 Bxf4 32. exf4 Nd6 33. Rd2 Qe4+
34. Qf3 Nf5 35. Rxd5 Ne3+ 36. fxe3 Qc2+ 37. Qf2 Qe4+ 38. Qf3 1/2-1/2

[Event "Bay Area International"]
[Site "?"]
[Date "2019.01.07"]
[Round "9"]
[White "Wang, Justin"]
[Black "Shankar, Gauri"]
[Result "1/2-1/2"]
[WhiteElo "2419"]
[BlackElo "2359"]
[PlyCount "208"]
[EventDate "2019.??.??"]
[SourceVersionDate "2019.01.08"]

1. e4 e5 2. Nf3 Nc6 3. Bb5 Nf6 4. d3 Bc5 5. c3 d5 6. Nbd2 dxe4 7. dxe4 O-O 8.
O-O a5 9. Qe2 Qe7 10. a4 Ne8 11. Nc4 Nd6 12. Nxd6 Bxd6 13. h3 Nd8 14. Rd1 Ne6
15. Bc4 Qf6 16. g3 Nc5 17. Kg2 Be6 18. Ng5 Bxc4 19. Qxc4 Ra6 20. Be3 Rc6 21.
Qd5 Qg6 22. b4 Ne6 23. Nf3 Rxc3 24. bxa5 Nf4+ 25. Bxf4 exf4 26. e5 Bc5 27. Rac1
Rxc1 28. Rxc1 Bxf2 29. Kxf2 Qxg3+ 30. Kf1 c6 31. Qe4 Qxh3+ 32. Kg1 Qg3+ 33. Kh1
Rd8 34. Qe2 Qh3+ 35. Kg1 h6 36. Re1 g5 37. e6 Qxe6 38. Qxe6 fxe6 39. Rxe6 Rd5
40. a6 bxa6 41. Rxc6 a5 42. Rxh6 Rd1+ 43. Kf2 Ra1 44. Nxg5 Rxa4 45. Kf3 Kg7 46.
Re6 Ra1 47. Kg4 f3 48. Kxf3 a4 49. Ra6 a3 50. Ne6+ Kf7 51. Nd4 a2 52. Nc2 Rf1+
53. Ke4 a1=Q 54. Nxa1 Re1+ 55. Kf3 Rf1+ 56. Ke2 Rh1 57. Nc2 Rh2+ 58. Kd3 Ke7
59. Nd4 Rh1 60. Ke4 Re1+ 61. Kd5 Rd1 62. Re6+ Kf7 63. Re3 Kf6 64. Rf3+ Kg6 65.
Rf2 Kg5 66. Ke4 Re1+ 67. Ne2 Ra1 68. Rf5+ Kg4 69. Rf8 Kg5 70. Nd4 Re1+ 71. Kd5
Rd1 72. Rf2 Kg6 73. Ke5 Re1+ 74. Ne2 Ra1 75. Nf4+ Kf7 76. Ne6+ Ke7 77. Nd4 Ra5+
78. Ke4 Ra1 79. Rf5 Ra4 80. Rd5 Kf6 81. Rb5 Ra1 82. Rb6+ Kf7 83. Nf3 Ke7 84.
Rh6 Rb1 85. Nd4 Re1+ 86. Kd5 Rd1 87. Re6+ Kf7 88. Re2 Kf6 89. Rf2+ Kg6 90. Ke5
Re1+ 91. Ne2 Ra1 92. Nc3 Re1+ 93. Ne4 Kg7 94. Rf4 Rg1 95. Ke6 Kg6 96. Rf2 Kg7
97. Ke7 Kg6 98. Rf6+ Kg7 99. Nc5 Re1+ 100. Ne6+ Kg8 101. Rf2 Re3 102. Rf4 Re1
103. Rg4+ Kh7 104. Kf7 Rf1+ 1/2-1/2

[Event "Bay Area International"]
[Site "?"]
[Date "2019.01.07"]
[Round "9"]
[White "Watson, John"]
[Black "Colas, Joshua"]
[Result "1/2-1/2"]
[WhiteElo "2203"]
[BlackElo "2309"]
[PlyCount "95"]
[EventDate "2019.??.??"]
[SourceVersionDate "2019.01.08"]

1. c4 e6 2. Nc3 d5 3. d4 Nf6 4. cxd5 exd5 5. Bg5 Nbd7 6. e3 c6 7. Bd3 Be7 8.
Qc2 O-O 9. Nf3 Re8 10. O-O Nf8 11. h3 g6 12. Bh6 Bd6 13. Rae1 Bd7 14. Bg5 Ne6
15. Bh4 Ng7 16. g4 b5 17. Ne5 Be7 18. f4 Rc8 19. Re2 b4 20. Na4 c5 21. Nxc5 Ne4
22. Bxe4 dxe4 23. Bxe7 Rxe7 24. Nexd7 Rxd7 25. Qxe4 Re7 26. Qf3 f5 27. g5 Ne6
28. Rc1 Rec7 29. Rec2 Qd6 30. Qd1 Nxc5 31. Rxc5 Rxc5 32. dxc5 Qxd1+ 33. Rxd1
Rxc5 34. Rd8+ Kf7 35. Rh8 Kg7 36. Ra8 Rc1+ 37. Kf2 Rc2+ 38. Kf3 Rxb2 39. Rxa7+
Kg8 40. h4 Rh2 41. Rb7 Rxa2 42. Rxb4 h5 43. Rb8+ Kf7 44. Rb7+ Kf8 45. Rb6 Kf7
46. Rf6+ Kg7 47. Re6 Kf7 48. Rf6+ 1/2-1/2

[Event "Bay Area International"]
[Site "?"]
[Date "2019.01.07"]
[Round "9"]
[White "Williams, Justus"]
[Black "Ghazarian, Kirk"]
[Result "1-0"]
[WhiteElo "2316"]
[BlackElo "2226"]
[PlyCount "117"]
[EventDate "2019.??.??"]
[SourceVersionDate "2019.01.08"]

1. Nf3 c5 2. c4 g6 3. Nc3 Bg7 4. g3 Nc6 5. Bg2 d6 6. a3 Bf5 7. d3 e5 8. Rb1
Nge7 9. O-O Qd7 10. b4 Rc8 11. Ng5 b6 12. Nd5 h6 13. Ne4 Bxe4 14. dxe4 Nxd5 15.
Qxd5 cxb4 16. axb4 O-O 17. Qd3 Rc7 18. Rd1 Rfc8 19. Ba3 Nd4 20. e3 Nb5 21. cxb5
Rc3 22. Qxd6 Qxd6 23. Rxd6 Rxa3 24. Rbd1 Rc7 25. Bh3 Rac3 26. Bd7 Rc1 27. Bc6
Rxd1+ 28. Rxd1 Bf8 29. Rd8 Kg7 30. Kf1 Bxb4 31. Ke2 f6 32. h4 h5 33. f4 Be7 34.
Re8 Kf7 35. Ra8 Bf8 36. Kf3 Kg7 37. Ke2 Bc5 38. Kd3 Re7 39. Ke2 Kh7 40. Kf3 Kg7
41. Be8 Kh6 42. Rd8 Re6 43. Bxg6 Rd6 44. Rg8 Rd3 45. f5 Rxe3+ 46. Kg2 Rxe4 47.
Rh8+ Kg7 48. Rxh5 Re1 49. Rh7+ Kg8 50. Rf7 e4 51. Rxf6 Re2+ 52. Kh3 e3 53. Re6
Rf2 54. h5 Kg7 55. Kh4 e2 56. Kg5 Bb4 57. h6+ Kg8 58. Re8+ Bf8 59. f6 1-0

[Event "Bay Area International"]
[Site "?"]
[Date "2019.01.07"]
[Round "9"]
[White "Xiong, Jeffery"]
[Black "Ringoir, Tanguy"]
[Result "1-0"]
[WhiteElo "2672"]
[BlackElo "2516"]
[PlyCount "103"]
[EventDate "2019.??.??"]

1. e4 e5 2. Nf3 Nc6 3. Bc4 Bc5 4. c3 Nf6 5. d3 d6 6. a4 a5 7. Bg5 h6 8. Bh4 Be6
9. Qb3 Bxc4 10. Qxc4 Qe7 11. Nbd2 Qe6 12. Bxf6 Qxf6 13. Qb5 Ra7 14. O-O O-O 15.
Nc4 Qe7 16. Rfe1 Nd8 17. d4 exd4 18. cxd4 c6 19. Qb3 Bb4 20. Re3 Ne6 21. Rd1
Raa8 22. d5 Nf4 23. g3 Ng6 24. e5 dxe5 25. d6 Qf6 26. Ncxe5 Nxe5 27. Nxe5 Rad8
28. d7 Bd6 29. Ng4 Qg6 30. Ne5 Qf6 31. Ng4 Qg6 32. Red3 Bc5 33. Ne3 b6 34. Nc4
Qe6 35. Qc3 h5 36. b3 h4 37. Qe5 h3 38. Qxe6 fxe6 39. Ne5 Bxf2+ 40. Kh1 c5 41.
Rd6 Bd4 42. Nc6 e5 43. Nxd8 Rxd8 44. Rf1 g5 45. Rf5 e4 46. Rxg5+ Kf7 47. Rg4
Be5 48. Rh6 e3 49. Kg1 Bd4 50. Kf1 Ke7 51. Rh7+ Kd6 52. Ke2 1-0